00289 a2200097 450000100060000004000220000610000230002824000460005124500350009765000590013267351 cAnchieta - Pituba aVavatzanids, Karin10aMit erfolg zu fit in deutsch 1ldeu / ger10aMit erfolg zu fit in deutsch 1 4aLínguas germânicas (teutônicas) língua alemã